National integrity system assessment: (Record no. 4157)

MARC details
000 -LEADER
fixed length control field 00729nam a2200193 4500
005 - DATE AND TIME OF LATEST TRANSACTION
control field 20240212161713.0
008 - FIXED-LENGTH DATA ELEMENTS--GENERAL INFORMATION
fixed length control field 231119b2014 |||||||| |||| 00| 0 eng d
020 ## - ISBN
ISBN 9789551281663
082 ## - DEWEY DECIMAL CLASSIFICATION NUMBER
Classification number 364.13
Item number NAT
942 ## - ADDED ENTRY ELEMENTS (KOHA)
Item Type Reports
245 ## - TITLE STATEMENT
Title National integrity system assessment:
Sub Title Sri Lanka 2014
260 ## - PUBLICATION, DISTRIBUTION, ETC. (IMPRINT)
Place of Publication Colombo:
Name of Publisher Transparency International Sri Lanka,
Date of Copyright 2014
300 ## - PHYSICAL DESCRIPTION
Extent 241 p. : color ill. ; 25 cm
856 ## - ELECTRONIC LOCATION AND ACCESS
Uniform Resource Identifier <a href="https://images.transparencycdn.org/images/2014_NISSriLanka_EN.pdf">https://images.transparencycdn.org/images/2014_NISSriLanka_EN.pdf</a>
650 ## - SUBJECT ADDED ENTRY--TOPICAL TERM
Topical Term POLITICAL CORRUPTION-Sri Lanka
650 ## - SUBJECT ADDED ENTRY--TOPICAL TERM
Topical Term Public administration--Corrupt practices--Sri Lanka
650 ## - SUBJECT ADDED ENTRY--TOPICAL TERM
Topical Term Business enterprises--Corrupt practices--Sri Lanka
650 ## - SUBJECT ADDED ENTRY--TOPICAL TERM
Topical Term Sri Lanka--Politics and government--21st century
Holdings
Withdrawn status Lost status Source of classification or shelving scheme Damaged status Not for loan Permanent location Current location Date acquired Total Checkouts Full call number Barcode Date last seen Price effective from Koha item type
    Dewey Decimal Classification     Resource center, Muslim Women's Research And Action Forum Resource center, Muslim Women's Research And Action Forum 2023-11-19   364.13 NAT RAF3068 2023-11-19 2023-11-19 Reports
    Dewey Decimal Classification     Resource center, Muslim Women's Research And Action Forum Resource center, Muslim Women's Research And Action Forum 2024-02-12   364.13 NAT RAF5015 2024-02-12 2024-02-12 Reports

Copyright © 2023 Muslim Women's Research and Action Forum (MWRAF), No 27/3, Anderson Road, Kalubowila, Dehiwela. Funded by The Asia Fundation